Социально-экономические и гуманитарные аспекты развития здравоохранения в современных условиях (Запись № 10661896)

Подробности
000 -МАРКЕР
контрольное поле 02470nam0a2200349 i 4500
001 - ИДЕНТИФИКАТОР ЗАПИСИ
контрольное поле RU\NLR\BIBL_A\010917849
005 - ИДЕНТИФИКАТОР ВЕРСИИ
контрольное поле 20260405095550.0
010 ## - МЕЖДУНАРОДНЫЙ СТАНДАРТНЫЙ НОМЕР КНИГИ (ISBN)
Номер (ISBN) 9785895880593
Тираж 500
035 ## - ДРУГИЕ СИСТЕМНЫЕ НОМЕРА
Идентификатор записи (NLR Aleph) 010917849
100 ## - ДАННЫЕ ОБЩЕЙ ОБРАБОТКИ
Данные общей обработки 20151203d2014 k y0rusy50 ca
101 0# - ЯЗЫК РЕСУРСА
Язык текста, звукозаписи и т.д. русский
102 ## - СТРАНА ПУБЛИКАЦИИ ИЛИ ПРОИЗВОДСТВА
Страна публикации Российская Федерация
105 ## - ПОЛЕ КОДИРОВАННЫХ ДАННЫХ: ТЕКСТОВЫЕ МАТЕРИАЛЫ, МОНОГРАФИЧЕСКИЕ
Кодированные данные о монографическом текстовом документе a|||z|||000yy
200 1# - ЗАГЛАВИЕ И СВЕДЕНИЯ ОБ ОТВЕТСТВЕННОСТИ
Основное заглавие Социально-экономические и гуманитарные аспекты развития здравоохранения в современных условиях
Первые сведения об ответственности [к.ю.н., доц. А.В. Гагаринов, преп. О.А. Галковская, к.э.н., доц. Т.М. Зеленская и др.]
Последующие сведения об ответственности под ред. проф. В.Д. Селезнёва
-- М-во здравоохранения Рос. Федерации, Гос. бюджет. образоват. учреждение высш. проф. образования "Сев.-Зап. гос. мед. ун-т им. И.И. Мечникова" М-ва здравоохранения Рос. Федерации, Каф. соц.-гуманитар. наук, экономики и права
210 ## - ПУБЛИКАЦИЯ, РАСПРОСТРАНЕНИЕ И ДР.
Место издания, распространения и т.д. Санкт-Петербург
Имя издателя, распространителя и т. д. Изд-во СЗГМУ
Дата издания, распространения и т.д. 2014
215 ## - ФИЗИЧЕСКАЯ ХАРАКТЕРИСТИКА
Специфическое обозначение материала и объем 237 с.
Другие сведения о физической характеристике ил.
Размеры 21
300 ## - ОБЩИЕ ПРИМЕЧАНИЯ
Текст примечания Авт. указаны на обороте тит. л.
320 ## - ПРИМЕЧАНИЯ О НАЛИЧИИ В ДОКУМЕНТЕ БИБЛИОГРАФИИ / УКАЗАТЕЛЯ
Текст примечания Библиогр. в конце гл.
606 1# - НАИМЕНОВАНИЕ ТЕМЫ КАК ПРЕДМЕТ
Наименование темы Здравоохранение
Тематический подзаголовок Социально-экономические проблемы
Системный номер авторитетной/нормативной записи 1335511
Идентификатор авторитетной/нормативной записи RU\NLR\AUTH\66556030
686 1# - ИНДЕКСЫ ДРУГИХ КЛАССИФИКАЦИЙ
Индекс Р11(2)к4
701 #1 - ИМЯ ЛИЦА - АЛЬТЕРНАТИВНАЯ ОТВЕТСТВЕННОСТЬ
Начальный элемент ввода Гагаринов
Часть имени, кроме начального элемента ввода А. В.
Расширение инициалов личного имени Александр Васильевич
701 #1 - ИМЯ ЛИЦА - АЛЬТЕРНАТИВНАЯ ОТВЕТСТВЕННОСТЬ
Начальный элемент ввода Галковская
Часть имени, кроме начального элемента ввода О. А.
701 #1 - ИМЯ ЛИЦА - АЛЬТЕРНАТИВНАЯ ОТВЕТСТВЕННОСТЬ
Материалы, к которым относится поле rus
Графика поля Кириллица
Начальный элемент ввода Зеленская
Часть имени, кроме начального элемента ввода Т. М.
Расширение инициалов личного имени Татьяна Михайловна
Идентификатор авторитетной/нормативной записи RU\NLR\AUTH\7735969
Системный номер авторитетной/нормативной записи 18963
702 #1 - ИМЯ ЛИЦА - ВТОРИЧНАЯ ОТВЕТСТВЕННОСТЬ
Код отношения Редактор
Графика поля Кириллица
Материалы, к которым относится поле rus
Начальный элемент ввода Селезнев
Часть имени, кроме начального элемента ввода В. Д.
Дополнения к именам, кроме дат д-р экон. наук
Расширение инициалов личного имени Владимир Дмитриевич
Системный номер авторитетной/нормативной записи 151542
Идентификатор авторитетной/нормативной записи RU\NLR\AUTH\770151580
712 02 - НАИМЕНОВАНИЕ ОРГАНИЗАЦИИ - ВТОРИЧНАЯ ОТВЕТСТВЕННОСТЬ
Код отношения Прочие
Начальный элемент ввода Северо-Западный государственный медицинский университет им. И. И. Мечникова
Структурное подразделение Кафедра социально-гуманитарных наук, экономики и права
Идентифицирующий признак Санкт-Петербург
Системный номер авторитетной/нормативной записи 504353
Идентификатор авторитетной/нормативной записи RU\NLR\AUTH\880419679
801 #0 - ИСТОЧНИК ЗАПИСИ
Страна Российская Федерация
Организация РГБ
Дата составления 20150714
Правила каталогизации RCR
801 #1 - ИСТОЧНИК ЗАПИСИ
Страна Российская Федерация
Организация РГБ
Дата составления 20150714
Источник данных rusmarc
942 ## - ДОПОЛНИТЕЛЬНЫЕ ЭЛЕМЕНТЫ ЗАПИСИ (АБИС)
Тип экземпляра АБИС Книга
980 ## - КОЛЛЕКЦИЯ
Название коллекции НБР

Нет доступных экземпляров.